MARC details
| 000 -CABECERA |
| campo de control de longitud fija |
01033nam a2200241 a 4500 |
| 005 - FECHA Y HORA DE LA ÚLTIMA TRANSACCIÓN |
| campo de control |
20240420064123.0 |
| 008 - ELEMENTOS DE LONGITUD FIJA--INFORMACIÓN GENERAL |
| campo de control de longitud fija |
010716s1998 es r 000 0 spa d |
| 020 ## - NÚMERO INTERNACIONAL NORMALIZADO PARA LIBROS |
| Número Internacional Estándar del Libro |
8478693068 |
| 035 ## - NÚMERO DE CONTROL DEL SISTEMA |
| Número de control de sistema |
UPN01000109712 |
| 049 ## - COLECCIÓN |
| Colección |
CE |
| 050 #4 - SIGNATURA TOPOGRÁFICA DE LA BIBLIOTECA DEL CONGRESO |
| Número de clasificación |
BF431 |
| Número de documento/Ítem |
Y8.47 |
| 100 1# - ASIENTO PRINCIPAL--NOMBRE PERSONAL |
| Nombre de persona |
Yuste Hernanz, Carlos |
| 9 (RLIN) |
29510 |
| 245 10 - MENCIÓN DE TÍTULO |
| Título |
INVE-S : |
| Resto del título |
manual técnico / |
| Mención de responsabilidad, etc. |
Carlos Yuste Hernanz, Rosario Martínez Arias, José Luis Galve Manzano. |
| 260 ## - PUBLICACIÓN, DISTRIBUCIÓN, ETC. |
| Lugar de publicación, distribución, etc. |
Madrid : |
| Nombre del editor, distribuidor, etc. |
CEPE, |
| Fecha de publicación, distribución, etc. |
1998. |
| 300 ## - DESCRIPCIÓN FÍSICA |
| Extensión |
104 p. : |
| 440 #0 - MENCIÓN DE SERIE/ASIENTO SECUNDARIO--TÍTULO |
| Título |
Instrumentos de evaluación ; |
| Designación de volumen o secuencia |
12 |
| 500 ## - NOTA GENERAL |
| Nota general |
"Se dirige a: 1º y 2º de bachillerato, universidad, ciclos formativos de grado superior, selección profesional, niveles auxiliares" |
| 505 8# - NOTA DE CONTENIDO CON FORMATO PREESTABLECIDO |
| Nota de contenido con formato |
Incluye: 1. CD-ROM, pruebas de inteligencia verbal (35p.) hoja de respuestas, hoja de lectura, hoja colectiva de datos, 2. plantillas de corrección, perfil individual |
| 650 #4 - ASIENTO SECUNDARIO DE MATERIA - TERMINO TEMATICO |
| Término de materia o nombre geográfico como elemento de entrada |
Pruebas de aptitud |
| 9 (RLIN) |
1418 |
| 700 1# - ASIENTO SECUNDARIO--NOMBRE DE PERSONAL |
| Nombre de persona |
Martínez Arias, Rosario, |
| Término indicativo de función/relación |
coaut. |
| 9 (RLIN) |
29675 |
| 700 1# - ASIENTO SECUNDARIO--NOMBRE DE PERSONAL |
| Nombre de persona |
Galve Manzano, José Luis, |
| Término indicativo de función/relación |
coaut. |
| 9 (RLIN) |
28876 |
| 905 ## - TIPO DE MATERIAL |
| Tipo de material |
Libro |